Depuración política universitaria en el primer franquismo: algunos catedráticos de derecho
Guardat en:
| Autors principals: | , |
|---|---|
| Format: | Llibre |
| Idioma: | espanyol |
| Publicat: |
Barcelona
Cometa
2001
|
| Matèries: | |
| Etiquetes: |
Afegir etiqueta
Sense etiquetes, Sigues el primer a etiquetar aquest registre!
|
MARC
| LEADER | 00000nam a2200000 a 4500 | ||
|---|---|---|---|
| 001 | UCM7025 | ||
| 003 | CL-VaPUC | ||
| 005 | 20221220172854.0 | ||
| 008 | 021129e20010000SP |||||||||||||||||spa|d | ||
| 999 | |c 302060 |d 302058 | ||
| 040 | |c Pontificia Universidad Católica de Valparaíso | ||
| 082 | 0 | 4 | |a 323.3231 |b ZAM |2 21 |
| 100 | 0 | |a Zambrana Moral, Patricia |e author |9 472752 | |
| 245 | 1 | 0 | |a Depuración política universitaria en el primer franquismo: algunos catedráticos de derecho |
| 260 | |a Barcelona |b Cometa |c 2001 | ||
| 300 | |a 71 p | ||
| 583 | |a last modification |c 20021129 00:00:00 |k Rodrigo Vera | ||
| 600 | 0 | 7 | |a ROCES, WENCESLAO |2 CL-VaPUC |9 472754 |
| 600 | 0 | 7 | |a BOSCH I GIMPERA, PERE |2 CL-VaPUC |9 472755 |
| 600 | 0 | 7 | |a PRIETO BANCES, RAMON |2 CL-VaPUC |9 472756 |
| 600 | 0 | 7 | |a BOIX RASPALL, JOSEP MARIA |2 CL-VaPUC |9 472757 |
| 600 | 0 | 7 | |a VALLS, FERRAN |2 CL-VaPUC |9 472758 |
| 600 | 0 | 7 | |a Langle Rubio, Emilio |d 1886-1967 |9 859861 |
| 600 | 0 | 7 | |a POLO DIAZ, ANTONIO |2 CL-VaPUC |9 472760 |
| 600 | 0 | 7 | |a CANDIL CALVO, FRANCISCO |2 CL-VaPUC |9 472761 |
| 600 | 0 | |a Ots Capdequí, José María, |d 1893-1975 |9 472762 | |
| 600 | 0 | 7 | |a RIOS URRUTI, FERNANDO DE LOS |2 CL-VaPUC |9 472763 |
| 600 | 0 | 7 | |a RUBIO SACRISTAN, JOSE ANTONIO |2 CL-VaPUC |9 472764 |
| 600 | 0 | |a Carande, Ramón |e author |9 457711 | |
| 600 | 0 | |a López Ortiz, José, |d 1898-1992 |9 860892 | |
| 600 | 0 | 7 | |a RIAZA, ROMAN |2 CL-VaPUC |9 472767 |
| 600 | 0 | 7 | |a RODRIGUEZ RODRIGUEZ, JOAQUIN |2 CL-VaPUC |9 472768 |
| 600 | 0 | 7 | |a VALLE, ANSELMO G. DEL |2 CL-VaPUC |9 472769 |
| 600 | 0 | 7 | |a YANGUAS MESSIA, JOSE DE |2 CL-VaPUC |9 472770 |
| 600 | 0 | 7 | |a FLORES DE LEMUS, ANTONIO |2 CL-VaPUC |9 472771 |
| 600 | 0 | 7 | |a BUEN Y LOZANO, DEMOFILO DE |2 CL-VaPUC |9 472772 |
| 650 | 7 | |a DEPURACION POLITICA |2 CL-VaPUC |9 472773 | |
| 651 | 0 | |a España |9 254926 | |
| 700 | 0 | |a Martínez Barrios, Elena |e author |9 472753 | |
| 852 | |a BIBCUR | ||
| 942 | |c BK |2 ddc | ||
| 945 | |d 20021129 00:00:00 |a vberengu | ||
| 952 | |0 0 |1 0 |4 0 |6 323_323100000000000_ZAM_2001 |7 0 |8 A |9 362067 |a BIBDER |b BIBDER |d 2019-11-21 |i 3789527 |o 323.3231 ZAM 2001 |p 3789527 |r 2023-01-25 |w 2019-11-21 |y BK |k DER | ||